The art of Zen : (Record no. 5687)

MARC details
000 -LEADER
fixed length control field 01105nam a22002897a 4500
003 - CONTROL NUMBER IDENTIFIER
control field OSt
005 - DATE AND TIME OF LATEST TRANSACTION
control field 20260317120735.0
007 - PHYSICAL DESCRIPTION FIXED FIELD--GENERAL INFORMATION
fixed length control field a
008 - FIXED-LENGTH DATA ELEMENTS--GENERAL INFORMATION
fixed length control field 260317b |||||||| |||| 00| 0 eng d
020 ## - INTERNATIONAL STANDARD BOOK NUMBER
International Standard Book Number 0810927748 (paperback)
040 ## - CATALOGING SOURCE
Original cataloging agency Foundation University
Language of cataloging eng
Transcribing agency Foundation University
Modifying agency FULib
Description conventions rda
050 ## - LIBRARY OF CONGRESS CALL NUMBER
Classification number ND 2071
Item number .1989 A33
100 ## - MAIN ENTRY--PERSONAL NAME
Personal name Addiss, Stephen,
Dates associated with a name 1935-
9 (RLIN) 15344
245 00 - TITLE STATEMENT
Title The art of Zen :
Remainder of title paintings and calligraphy by Japanese monks, 1600-1925 /
Statement of responsibility, etc. Stepen Addiss
260 ## - PUBLICATION, DISTRIBUTION, ETC.
Place of publication, distribution, etc. New York :
Name of publisher, distributor, etc. Harry N. Abrams, Inc.,
Date of publication, distribution, etc. 1989.
264 ## - PRODUCTION, PUBLICATION, DISTRIBUTION, MANUFACTURE, AND COPYRIGHT NOTICE
Copyright Date 1989.
300 ## - PHYSICAL DESCRIPTION
Materials specified resource
Extent 223 pages :
Other physical details color illustrations ;
Dimensions 30 cm.
Type of unit volume
336 ## - CONTENT TYPE
Source rdacontent
Content type term text
Content type code txt
337 ## - MEDIA TYPE
Source rdamedia
Media type term unmediated
Media type code n
338 ## - CARRIER TYPE
Source rdacarrier
Materials specified resource
Carrier type term volume
Carrier type code nc
504 ## - BIBLIOGRAPHY, ETC. NOTE
Bibliography, etc. note Includes bibliographical references and index.
650 ## - SUBJECT ADDED ENTRY--TOPICAL TERM
Source of heading or term LC
Topical term or geographic name entry element Painting, Zen
9 (RLIN) 15345
650 ## - SUBJECT ADDED ENTRY--TOPICAL TERM
Source of heading or term LC
Topical term or geographic name entry element Calligraphy, Zen
9 (RLIN) 15346
650 ## - SUBJECT ADDED ENTRY--TOPICAL TERM
Source of heading or term LC
Topical term or geographic name entry element Buddhist art and symbolism
Geographic subdivision Japan.
9 (RLIN) 15347
658 ## - INDEX TERM--CURRICULUM OBJECTIVE
Main curriculum objective Fine Arts, Bachelor of :
Subordinate curriculum objective Painting ;
Curriculum code FA222, FA223
942 ## - ADDED ENTRY ELEMENTS (KOHA)
Source of classification or shelving scheme Library of Congress Classification
Koha item type Books
Classification part ND 2071
Item part .1989 A33
Call number prefix (DAFA-FA)
Suppress in OPAC No
Holdings
Withdrawn status Lost status Source of classification or shelving scheme Damaged status Not for loan Collection code Home library Current library Shelving location Date acquired Source of acquisition Total Checkouts Full call number Barcode Date last seen Price effective from Koha item type Accession Number
    Library of Congress Classification     Non-fiction Foundation University Library Foundation University Library DoArchitecture & Fine Arts 03/17/2026 Donated by Bellas Artes Projects   (DAFA-FA) ND 2071 .1989 A33 0192026003250 03/17/2026 03/17/2026 Books DAFA-2026250